| 000 | 00906nam a22002417a 4500 | ||
|---|---|---|---|
| 005 | 20251108173533.0 | ||
| 008 | 250721s2005 xx 000 0 ara d | ||
| 020 | _a9948042107 | ||
| 082 | 1 | 4 | _a810.09/ نقد |
| 100 | 1 |
_aالعيد، يمنى _eEd. |
|
| 245 | 1 | 0 | _aالنقد الأدبي من البلاغة إلى المناهج الحديثة / |
| 264 | 1 |
_aالشارقة : _bدار الثقافة و الإعلام، _c2005. |
|
| 300 | _a144ص. | ||
| 500 | _aجائزة الشارقة للإبداع العربي /الدورة الثالثة إبريل 2000/ المجال الفكري | ||
| 650 | 1 | 7 | _aالنقد الأدبي |
| 650 | 1 | 7 | _aالبلاغة |
| 650 | 1 | 7 | _aاللغة العربية |
| 650 | 1 | 7 | _aالأدب العربي |
| 700 | 1 |
_aمعروف، أيمن إبراهيم _eComp. |
|
| 700 | 1 |
_aالأسواني، عز الدين _eComp. |
|
| 942 |
_2ddc _cBK |
||
| 999 |
_c106269 _d106269 |
||